Football - Numéros de Joueurs (Difficile) - Statistiques

Statistiques générales
  • Ce quiz a été pris 657 fois
  • Le résultat moyen est 9 sur 25
Statistiques - réponses
Hint Réponse % Correct
Achraf Hakimi 2
76%
Virgil Van Dijk 4
71%
Gregor Kobel 1
67%
Bukayo Saka 7
66%
Martin Odegaard 8
55%
Kylian Mbappé 9
55%
Lamine Yamal 19
49%
Vitinha 17
48%
Rafael Leao 10
47%
Kingsley Coman 11
43%
Rodrigo De Paul 5
33%
Bremer 3
32%
Maxence Caqueret 6
32%
Endrick 16
30%
Arda Güler 15
28%
Marcos Llorente 14
27%
Thomas Meunier 12
23%
Christopher Nkunku 18
23%
Antony 21
22%
Andriy Lunin 13
21%
Josko Gvardiol 24
20%
Nicolo Barella 23
19%
Moises Caicedo 25
18%
Alejandro Grimaldo 20
12%
Ilkay Gündogan 22
11%
Aucun quiz correspondant
Distribution des résultats
% des personnes avec chaque résultat
Percentile par nombre de réponses
Votre historique - résultats
Vous n’avez pas pris ce quiz